Vista normal
Vista MARC
- Pérez Bueno, Luis Cayo
Entrada Nombre de persona
Número de registros utilizados en: 17
001 - NÚMERO DE CONTROL
- campo de control: 76
003 - IDENTIFICADOR DEL NÚMERO DE CONTROL
- campo de control: ES-MaFIAP
005 - FECHA Y HORA DE LA ÚLTIMA TRANSACCIÓN
- campo de control: 20220908155832.0
008 - DATOS DE LONGITUD FIJA
- campo de control de longitud fija: 220908|| aca||aabn | a|a d
040 ## - FUENTE DE LA CATALOGACIÓN
- Centro catalogador/agencia de origen: ES-MaFIAP
- Centro/agencia transcriptor: ES-MaFIAP
100 ## - ENCABEZAMIENTO-NOMBRE DE PERSONA
- Nombre de persona: Pérez Bueno, Luis Cayo
- Fechas asociadas al nombre: 1967-
670 ## - FUENTE DE DATOS ENCONTRADOS
- Cita de la fuente: Work cat.: (ES-MaFIAP)18: Propuesta de modelo de ordenanza municipal sobre accesibilidad universal de los espacios públicos urbanizados y edificaciones, modos de transporte y tecnologías, productos y servicios de información y comunicación, 2009





